Từ Điển Anh-Anh-Việt (Bìa Cứng Đỏ)

Gardado en:
Detalles Bibliográficos
Autor Principal: 0
Formato: Libro
Idioma:Vietnamese
Publicado: ĐHQG.HN 2013
Các nhãn: Engadir etiqueta
Sen Etiquetas, Sexa o primeiro en etiquetar este rexistro!
Thư viện lưu trữ: Mạng thư viện Đại học Đà Nẵng
LEADER 00620nam a2200277 4500
001 000026231
003 226
005 20150204120000.0
008 150204s vm 000 vie
020 |c 250000,0000 
040 |a D1 
100 |a 0 
245 |a Từ Điển Anh-Anh-Việt (Bìa Cứng Đỏ) 
260 |b ĐHQG.HN  |c 2013 
300 |a 1570tr. ; 
OWN |a LTT 
999 |a From the UDN01 
TYP |a Monograph 
TYP |a Printed language 
980 |a Mạng thư viện Đại học Đà Nẵng